| 000 | 00508nam a2200181Ia 4500 | ||
|---|---|---|---|
| 003 | OSt | ||
| 005 | 20200703125405.0 | ||
| 008 | 190216s9999||||xx |||||||||||||| ||und|| | ||
| 040 | _coclc | ||
| 082 |
_a940.2 _bHAZ/M |
||
| 100 |
_aHazen, Charles Downer _93515 |
||
| 245 | 0 |
_aModern Europe Upto 1945 / _cCharles Downer Hazen |
|
| 250 | _a5th Ed. | ||
| 260 |
_bS Chand & Co, _aNew Delhi: _c1977. |
||
| 300 | _a727p | ||
| 650 | _aHistory | ||
| 942 |
_cBK _2ddc _h940.2 _iHAZ/M _k940.2 _mHAZ/M |
||
| 999 |
_c19097 _d19097 |
||